Pla únic d'obres i serveis de Catalunya: quadrienni 1992-1995 / Comissió de Cooperació Local de Catalunya quadrienni 1992-1995 / Comissió de Cooperació Local de Catalunya
Descripción Física:
141 p. : il., col., amb maps. ; 30 cm
MARC
| LEADER | 00000nam a2200000Ia 4500 | ||
|---|---|---|---|
| 001 | 12523 | ||
| 008 | 160829s1992 xx 000 0 cat d | ||
| 080 | |a C-1-550 | ||
| 110 | 2 | |a Comissió de Cooperació Local de Catalunya |9 56424 | |
| 245 | |a Pla únic d'obres i serveis de Catalunya: |b quadrienni 1992-1995 / Comissió de Cooperació Local de Catalunya | ||
| 260 | |a Barcelona : |b Generalitat de Catalunya. Direcció Gral. d'Administració Local, |c 1992 | ||
| 300 | |a 141 p. : |b il., col., amb maps. ; |c 30 cm | ||
| 650 | |a Obres públiques |x Catalunya |x 1992/1995 |9 20177 | ||
| 710 | 1 | |a Catalunya. |b Direcció General d'Administració Local |9 53065 | |
| 901 | |a Arxiu | ||
| 942 | |n 1 | ||
| 952 | |0 0 |1 0 |4 0 |6 C1550 |7 1 |9 41476 |a Arxiu |b Arxiu |d 2016-12-01 |l 0 |o C-1-550 |p 12523 |r 2016-12-01 00:00:00 |w 2016-12-01 |y ARXIU | ||
| 999 | |c 43284 |d 43284 | ||